000 00526nam a2200169Ia 4500
008 090201s9999 xx 000 0 und d
010 _aKPL-49294
040 _bमराठी
041 _aमराठी
082 _a51318
_b49294
100 _aराजेंद्र माने
245 _aवहीनी साहेब
_cराजेंद्र माने
260 _c2007
_bसु.करंदीकर
300 _a206
_bमोठा
600 _aवहीनी साहेब
942 _cBOOK
999 _c247801
_d247801